000
00291nam a22001337a 4500
008
170713b xxu||||| |||| 00| 0 eng d
020
_a
9780874849110
041
_a
eng
080
_a
101
100
_a
24
101
_a
FIL
245
_a
DOES THE CENTER HOLD?
_c
PALMER, D
942
_2
udc
_c
BK
999
_c
20581
_d
20581